[Event "Lazy op 12th"]
[Site "Lazy"]
[Date "2016.07.04"]
[Round "8"]
[White "Nowak, Maciej"]
[Black "Lebiedowicz, Borys"]
[Result "1/2-1/2"]
[WhiteElo "2007"]
[BlackElo "2002"]
[PlyCount "66"]
[EventDate "2016.06.26"]
[EventType "swiss"]
[EventRounds "9"]
[EventCountry "POL"]
[SourceTitle "CBM 173 Extra"]
[Source "ChessBase"]
[SourceDate "2016.08.29"]
[SourceVersion "1"]
[SourceVersionDate "2016.08.29"]
[SourceQuality "1"]

1. d4 d5 2. c4 dxc4 3. Nf3 Nf6 4. e3 e6 5. Bxc4 a6 6. a4 c5 7. 0-0 Qc7 8. Qe2 Be7 9. Nc3 0-0 10. dxc5 Bxc5 11. e4 Nc6 12. Bg5 Ng4 13. g3 Qb6 14. Bf4 e5 15. Nd5 Qa5 16. Bd2 Qd8 17. Rad1 Nd4 18. Nxd4 Bxd4 19. b3 h6 20. a5 Nf6 21. Bb4 Nxd5 22. Bxd5 Re8 23. Bc5 Qxa5 24. Bxd4 exd4 25. Rxd4 Qb6 26. Qd2 a5 27. Ra1 Be6 28. Rda4 Bxd5 29. exd5 Qxb3 30. Rxa5 Rxa5 31. Rxa5 Qb1+ 32. Kg2 Qe4+ 33. Kg1 Qb1+ 1/2-1/2

[Event "Lazy op 12th"]
[Site "Lazy"]
[Date "2016.06.28"]
[Round "3"]
[White "Lebiedowicz, Borys"]
[Black "Konieczynski, Piotr"]
[Result "1-0"]
[WhiteElo "2002"]
[BlackElo "1973"]
[PlyCount "69"]
[EventDate "2016.06.26"]
[EventType "swiss"]
[EventRounds "9"]
[EventCountry "POL"]
[SourceTitle "CBM 173 Extra"]
[Source "ChessBase"]
[SourceDate "2016.08.29"]
[SourceVersion "1"]
[SourceVersionDate "2016.08.29"]
[SourceQuality "1"]

1. e4 c6 2. d4 d5 3. Nc3 dxe4 4. Nxe4 Bf5 5. Ng3 Bg6 6. Nh3 e6 7. Nf4 Qh4 8. Bc4 Nf6 9. 0-0 Bd6 10. Nh3 h6 11. c3 Nh5 12. Qb3 Qe7 13. Re1 Bxg3 14. fxg3 0-0 15. g4 b5 16. Be2 Nf6 17. g5 hxg5 18. Bxg5 Nbd7 19. Nf4 Bf5 20. Bf3 Qd6 21. Nh5 Nxh5 22. Bxh5 Qd5 23. Bf3 Qxb3 24. axb3 Rfc8 25. Ra6 Nb6 26. Rea1 Bc2 27. b4 Ba4 28. Be7 Nc4 29. Bxc6 Rab8 30. Bc5 Nb6 31. Bf3 Rd8 32. Rxa7 Nc4 33. Rf1 Nxb2 34. Bh5 g6 35. Rfxf7 1-0

[Event "Kochan Memorial op 26th"]
[Site "Koszalin"]
[Date "2015.08.22"]
[Round "8"]
[White "Lebiedowicz, Borys"]
[Black "Dobrowolski, Piotr"]
[Result "0-1"]
[WhiteElo "1907"]
[BlackElo "2419"]
[PlyCount "78"]
[EventDate "2015.08.17"]
[EventType "swiss"]
[EventRounds "9"]
[EventCountry "POL"]
[SourceTitle "EXT 2016"]
[Source "ChessBase"]
[SourceDate "2015.10.08"]
[SourceVersion "1"]
[SourceVersionDate "2015.10.08"]
[SourceQuality "1"]

1. e4 c5 2. Nf3 Nc6 3. d4 cxd4 4. Nxd4 Nf6 5. Nc3 d6 6. Bg5 e6 7. Qd2 a6 8. 0-0-0 Be7 9. Bxf6 gxf6 10. f4 Qc7 11. Nce2 Bd7 12. Ng3 Nxd4 13. Qxd4 Qc5 14. Qd2 0-0-0 15. Be2 Kb8 16. Bh5 Rhf8 17. Rhe1 Bc6 18. Kb1 d5 19. e5 fxe5 20. fxe5 d4 21. Qh6 Qb6 22. Bf3 Ba3 23. Qc1 Ba4 24. Rd3 Bb4 25. Re4 Rc8 26. b3 Bc3 27. Ne2 Bb5 28. Rd1 Bxe2 29. Bxe2 Rc5 30. Rf1 Ra5 31. Bh5 f5 32. Rh4 Rc8 33. g4 Rcc5 34. Be8 Qd8 35. gxf5 Qxe8 36. f6 Rxa2 37. Kxa2 Ra5+ 38. Qa3 Rxa3+ 39. Kxa3 Qb5 0-1

[Event "Kochan Memorial op 26th"]
[Site "Koszalin"]
[Date "2015.08.22"]
[Round "7"]
[White "Lebiedowicz, Borys"]
[Black "Koszowski, Krystian"]
[Result "1-0"]
[WhiteElo "1907"]
[BlackElo "1741"]
[PlyCount "91"]
[EventDate "2015.08.17"]
[EventType "swiss"]
[EventRounds "9"]
[EventCountry "POL"]
[SourceTitle "EXT 2016"]
[Source "ChessBase"]
[SourceDate "2015.10.08"]
[SourceVersion "1"]
[SourceVersionDate "2015.10.08"]
[SourceQuality "1"]

1. e4 e5 2. Nf3 Nc6 3. Bb5 Nf6 4. 0-0 d6 5. d3 Bd7 6. c3 a6 7. Ba4 Be7 8. Nbd2 0-0 9. Re1 b5 10. Bc2 Bg4 11. Nf1 Re8 12. h3 Bh5 13. Ng3 Bg6 14. Nh4 Nd7 15. Nxg6 hxg6 16. d4 exd4 17. cxd4 Bf6 18. Be3 Nb4 19. Bb3 c5 20. a3 Nc6 21. dxc5 Nxc5 22. Bxf7+ Kxf7 23. Qd5+ Re6 24. Qxc6 Rc8 25. Qd5 Bxb2 26. Ra2 Na4 27. Bd4 Bxd4 28. Qxd4 Qb6 29. Qd2 Rc3 30. Ne2 Rc4 31. Nf4 Rd4 32. Qc2 Rc4 33. Qd3 Rd4 34. Qg3 Qa5 35. Rc1 Rf6 36. Qb3+ Rc4 37. Rxc4 bxc4 38. Qxc4+ Ke8 39. Qg8+ Rf8 40. Qe6+ Kd8 41. Qxd6+ Ke8 42. Nd5 Qe1+ 43. Kh2 Qxe4 44. f3 Qe1 45. Rc2 Nb6 46. Nxb6 1-0

[Event "Kochan Memorial op 26th"]
[Site "Koszalin"]
[Date "2015.08.19"]
[Round "3"]
[White "Lebiedowicz, Borys"]
[Black "Zielinski, Andrzej1111"]
[Result "1-0"]
[WhiteElo "1907"]
[BlackElo "1808"]
[PlyCount "49"]
[EventDate "2015.08.17"]
[EventType "swiss"]
[EventRounds "9"]
[EventCountry "POL"]
[SourceTitle "EXT 2016"]
[Source "ChessBase"]
[SourceDate "2015.10.08"]
[SourceVersion "1"]
[SourceVersionDate "2015.10.08"]
[SourceQuality "1"]

1. e4 c5 2. Nf3 d6 3. d4 cxd4 4. Qxd4 Nc6 5. Bb5 Bd7 6. Bxc6 Bxc6 7. Nc3 Nf6 8. Bg5 h6 9. Bh4 g5 10. Bg3 Bg7 11. 0-0-0 Nh5 12. Qd3 Qa5 13. Nd4 Bd7 14. Kb1 Nxg3 15. hxg3 Rc8 16. Qe3 b5 17. f4 b4 18. Nd5 Qc5 19. fxg5 h5 20. Rd2 e6 21. Nf6+ Kd8 22. Rf1 e5 23. Nxd7 exd4 24. Qf4 f6 25. Nxc5 1-0

[Event "POL-chT U19 45th"]
[Site "Maslow Pierwszy"]
[Date "2014.07.27"]
[Round "3"]
[White "Lewtak, Dominik"]
[Black "Lebiedowicz, Borys"]
[Result "1-0"]
[WhiteElo "1986"]
[BlackElo "1833"]
[PlyCount "111"]
[EventDate "2014.07.25"]
[EventType "team-tourn"]
[EventRounds "9"]
[EventCountry "POL"]
[SourceTitle "EXT 2015"]
[Source "ChessBase"]
[SourceDate "2014.11.20"]
[SourceVersion "1"]
[SourceVersionDate "2014.11.20"]
[SourceQuality "1"]
[WhiteTeam "Czarna LKSz GCKiP U19"]
[BlackTeam "Koszalin Hetman Politechnika U19"]
[WhiteTeamCountry "POL"]
[BlackTeamCountry "POL"]

1. e4 e5 2. Nf3 Nc6 3. Bb5 Nf6 4. 0-0 Nxe4 5. d4 Nd6 6. Bxc6 dxc6 7. dxe5 Nf5 8. Qxd8+ Kxd8 9. Rd1+ Ke8 10. Nc3 h6 11. h4 Be7 12. g3 Be6 13. Kg2 Rd8 14. Bf4 Rd7 15. a3 Kd8 16. Rxd7+ Kxd7 17. Rh1 g6 18. Bc1 Kc8 19. Re1 Rg8 20. Ne4 b6 21. Ng1 Bd5 22. f3 g5 23. hxg5 hxg5 24. g4 Nd4 25. c3 Nb3 26. Ng3 Nxc1 27. Rxc1 Bc5 28. Nh3 Rh8 29. Nh5 Re8 30. Re1 Be7 31. Ng7 Rh8 32. Nf5 Bd8 33. Nf2 Re8 34. Re3 c5 35. Kg3 Rg8 36. Ne4 Rg6 37. Nf6 Be6 38. Ne4 Kb7 39. Rd3 Kc8 40. Kf2 Bc4 41. Re3 Kd7 42. Nd2 Be6 43. Rd3+ Ke8 44. Ne4 Bb3 45. Rd2 Be6 46. Kg3 a5 47. f4 Be7 48. Kf3 gxf4 49. Kxf4 Bd7 50. g5 Bc6 51. Nf6+ Bxf6 52. exf6 Bd7 53. Ne7 Be6 54. Nxg6 fxg6 55. Ke5 Bf5 56. Rh2 1-0

[Event "Lazy op 10th"]
[Site "Lazy"]
[Date "2014.07.06"]
[Round "7"]
[White "Lebiedowicz, Borys"]
[Black "Kovalev, Egor"]
[Result "1/2-1/2"]
[WhiteElo "1833"]
[BlackElo "2187"]
[PlyCount "89"]
[EventDate "2014.06.29"]
[EventType "swiss"]
[EventRounds "9"]
[EventCountry "POL"]
[SourceTitle "CBM 161 Extra"]
[Source "ChessBase"]
[SourceDate "2014.08.29"]
[SourceVersion "1"]
[SourceVersionDate "2014.08.29"]
[SourceQuality "1"]

1. e4 c5 2. Nf3 Nc6 3. d4 cxd4 4. Nxd4 Qc7 5. Nc3 e6 6. Be3 a6 7. Qd2 Nf6 8. 0-0-0 Bb4 9. f3 Ne7 10. Nde2 d5 11. Bg5 dxe4 12. Bxf6 gxf6 13. Qd4 exf3 14. Qxb4 fxe2 15. Bxe2 f5 16. Rd6 0-0 17. Rhd1 e5 18. Rd7 Bxd7 19. Qxe7 Qc6 20. Qxd7 Rfd8 21. Qxc6 Rxd1+ 22. Nxd1 bxc6 23. Ne3 Kg7 24. Nxf5+ Kf6 25. g4 h5 26. h3 hxg4 27. hxg4 Kg5 28. c4 Kf4 29. c5 Rh8 30. Kd2 a5 31. Nd6 f6 32. Nc4 Rd8+ 33. Kc3 Rd5 34. b4 axb4+ 35. Kxb4 Ke4 36. a4 Kd4 37. a5 Rxc5 38. a6 Rb5+ 39. Ka4 Rb8 40. Na5 Kc5 41. Nxc6 Rb2 42. a7 Rxe2 43. Kb3 Re3+ 44. Kb2 Re2+ 45. Kb3 1/2-1/2

[Event "Kochan Memorial op 24th"]
[Site "Koszalin"]
[Date "2013.08.17"]
[Round "9"]
[White "Lebiedowicz, Borys"]
[Black "Smal, Tobiasz"]
[Result "1-0"]
[WhiteElo "1781"]
[BlackElo "1928"]
[PlyCount "55"]
[EventDate "2013.08.10"]
[EventType "swiss"]
[EventRounds "9"]
[EventCountry "POL"]
[SourceTitle "CBM 155 Extra"]
[Source "ChessBase"]
[SourceDate "2013.08.26"]
[SourceVersion "1"]
[SourceVersionDate "2013.08.26"]
[SourceQuality "1"]

1. e4 c5 2. Nf3 e6 3. d4 cxd4 4. Nxd4 Nf6 5. Nc3 d6 6. Bg5 a6 7. Qd2 Be7 8. 0-0-0 Nbd7 9. f4 Qc7 10. Bd3 h6 11. Bxf6 Bxf6 12. Nce2 Nc5 13. g4 Bd7 14. h4 g6 15. g5 hxg5 16. hxg5 Bxd4 17. Nxd4 0-0-0 18. Qc3 Rxh1 19. Rxh1 Bc6 20. Nxc6 Qxc6 21. Rh7 Rd7 22. Rh8+ Kc7 23. Qa5+ b6 24. Qc3 d5 25. Bxa6 Rd8 26. Qe5+ Kd7 27. exd5 exd5 28. Bb5 1-0

[Event "Kochan Memorial op 24th"]
[Site "Koszalin"]
[Date "2013.08.12"]
[Round "4"]
[White "Lebiedowicz, Borys"]
[Black "Lisinski, Henryk"]
[Result "1/2-1/2"]
[WhiteElo "1781"]
[BlackElo "1929"]
[PlyCount "125"]
[EventDate "2013.08.10"]
[EventType "swiss"]
[EventRounds "9"]
[EventCountry "POL"]
[SourceTitle "CBM 155 Extra"]
[Source "ChessBase"]
[SourceDate "2013.08.26"]
[SourceVersion "1"]
[SourceVersionDate "2013.08.26"]
[SourceQuality "1"]

1. e4 e5 2. Nf3 Nc6 3. Bb5 a6 4. Ba4 Nf6 5. 0-0 Be7 6. Re1 b5 7. Bb3 0-0 8. d4 d6 9. c3 Bg4 10. Be3 Na5 11. Bc2 Nc4 12. b3 Nxe3 13. fxe3 Nd7 14. Nbd2 c5 15. d5 Qa5 16. c4 Rab8 17. Bd3 Bh4 18. Rf1 Bg5 19. Qe1 Be7 20. h3 Bh5 21. Be2 Bg6 22. Qf2 Nf6 23. Bd3 Qc3 24. Qe2 bxc4 25. Bxc4 Nxe4 26. Nxe4 Bxe4 27. Nd2 Bg6 28. Bxa6 Bg5 29. Rfe1 Ra8 30. Bb5 Rfb8 31. Bc6 Ra7 32. Rac1 Qb2 33. a4 Bh4 34. Red1 h6 35. Bb5 Bg5 36. g3 e4 37. h4 Bf6 38. Qg4 h5 39. Qf4 Be5 40. Qf2 Bf6 41. Nc4 Qxf2+ 42. Kxf2 Be7 43. Rc2 f5 44. Rdd2 Be8 45. Na3 Bf7 46. Rd1 Kf8 47. Rdc1 Bxd5 48. Nc4 Bxc4 49. bxc4 Bf6 50. Rd2 Be5 51. Kg2 Ke7 52. Rf1 g6 53. Kh3 Ke6 54. Rfd1 Rg8 55. Rg2 Kf6 56. Rf1 Ke6 57. Rd1 g5 58. hxg5 Rxg5 59. Bc6 Kf6 60. Rf1 Rag7 61. Rfg1 Ra7 62. Rb1 Rgg7 63. Rd1 1/2-1/2

[Event "Kochan Memorial op 24th"]
[Site "Koszalin"]
[Date "2013.08.10"]
[Round "1"]
[White "Bilczewska, Olga"]
[Black "Lebiedowicz, Borys"]
[Result "0-1"]
[WhiteElo "1223"]
[BlackElo "1781"]
[PlyCount "54"]
[EventDate "2013.08.10"]
[EventType "swiss"]
[EventRounds "9"]
[EventCountry "POL"]
[SourceTitle "CBM 155 Extra"]
[Source "ChessBase"]
[SourceDate "2013.08.26"]
[SourceVersion "1"]
[SourceVersionDate "2013.08.26"]
[SourceQuality "1"]

1. e4 e5 2. Nf3 Nc6 3. Bc4 Nf6 4. d3 d6 5. a3 Be6 6. Nc3 Qd7 7. b4 Ne7 8. Be3 Ng6 9. 0-0 Be7 10. Ng5 h6 11. Nxe6 fxe6 12. Qf3 0-0-0 13. Qg3 Nf8 14. Qxg7 Rh7 15. Qg3 d5 16. exd5 exd5 17. Nxd5 Nxd5 18. Bxa7 Nf4 19. Qf3 Rg7 20. g3 N8e6 21. Ba6 Nd5 22. Bc4 Ng5 23. Qg2 Nf4 24. gxf4 Nh3+ 25. Kh1 Rxg2 26. Kxg2 Qg4+ 27. Kh1 Qf3# 0-1

[Event "Olsztyn op U18 blitz"]
[Site "Olsztyn"]
[Date "2013.08.03"]
[Round "2"]
[White "Lebiedowicz, Borys"]
[Black "Snihur, Piotr"]
[Result "0-1"]
[WhiteElo "2122"]
[BlackElo "2122"]
[PlyCount "53"]
[EventDate "2013.08.03"]
[EventType "swiss (blitz)"]
[EventRounds "22"]
[EventCountry "POL"]
[SourceTitle "CBM 155 Extra"]
[Source "ChessBase"]
[SourceDate "2013.08.26"]
[SourceVersion "1"]
[SourceVersionDate "2013.08.26"]
[SourceQuality "1"]

1. e4 c5 2. Nf3 d6 3. d4 cxd4 4. Qxd4 Nc6 5. Bb5 Bd7 6. Bxc6 Bxc6 7. Nc3 Nf6 8. Bg5 e6 9. 0-0-0 Be7 10. Rhe1 Qc7 11. Qd2 Rc8 12. h4 0-0 13. Bxf6 gxf6 14. Nd4 a6 15. h5 Kh8 16. f4 b5 17. f5 b4 18. Nb1 e5 19. Nf3 d5 20. exd5 Bxd5 21. Qf2 Bxa2 22. g4 b3 23. c3 Bxb1 24. Kxb1 Qa5 25. Kc1 Qa1+ 26. Kd2 Qxb2+ 27. Ke3 0-1

[Event "Olsztyn op U18 rapid"]
[Site "Olsztyn"]
[Date "2013.08.01"]
[Round "1"]
[White "Lebiedowicz, Borys"]
[Black "Kaczmarek, Aleksander"]
[Result "0-1"]
[WhiteElo "1781"]
[BlackElo "2147"]
[PlyCount "62"]
[EventDate "2013.08.01"]
[EventType "swiss (rapid)"]
[EventRounds "11"]
[EventCountry "POL"]
[SourceTitle "CBM 155 Extra"]
[Source "ChessBase"]
[SourceDate "2013.08.26"]
[SourceVersion "1"]
[SourceVersionDate "2013.08.26"]
[SourceQuality "1"]

1. e4 c6 2. d4 d5 3. Nc3 dxe4 4. Nxe4 Nd7 5. Nf3 Ngf6 6. Nxf6+ Nxf6 7. Bd3 Bg4 8. Be3 e6 9. 0-0 Be7 10. Be2 0-0 11. Bf4 Rc8 12. c3 c5 13. Qa4 cxd4 14. Nxd4 Bxe2 15. Nxe2 Qd3 16. Nd4 Nd5 17. Bg3 a6 18. Rad1 Qg6 19. Rfe1 Bf6 20. Qb3 Kh8 21. Qxb7 h5 22. Nf3 h4 23. Bxh4 Bxh4 24. Nxh4 Qf6 25. Nf3 Rb8 26. Qxa6 Rxb2 27. Re5 Nf4 28. Re3 Rfb8 29. Nd4 Rb1 30. Qf1 Rxd1 31. Qxd1 Qg6 0-1

[Event "POL-chT U19 43th"]
[Site "Suchedniow"]
[Date "2012.07.??"]
[Round "8"]
[White "Nowicki, Bartosz"]
[Black "Lebiedowicz, Borys"]
[Result "1-0"]
[WhiteElo "2186"]
[BlackElo "1708"]
[PlyCount "121"]
[EventDate "2012.07.21"]
[EventType "team-tourn"]
[EventRounds "9"]
[EventCountry "POL"]
[SourceTitle "EXT 2014"]
[Source "ChessBase"]
[SourceDate "2013.11.20"]
[SourceVersion "1"]
[SourceVersionDate "2013.11.20"]
[SourceQuality "1"]
[WhiteTeam "Warszawa Polonia U19"]
[BlackTeam "Koszalin Hetman Politechnika U19"]
[WhiteTeamCountry "POL"]
[BlackTeamCountry "POL"]

1. e4 e5 2. Nf3 Nc6 3. Bb5 f5 4. d3 fxe4 5. dxe4 Nf6 6. 0-0 Bc5 7. Qd3 d6 8. Qc4 Bd7 9. Nc3 Qe7 10. Nd5 Nxd5 11. exd5 Nd8 12. Bxd7+ Qxd7 13. Nxe5 Bxf2+ 14. Rxf2 dxe5 15. Bg5 Nf7 16. Rxf7 Qxf7 17. Rf1 Qd7 18. Qe4 Qd6 19. Rf5 Rf8 20. Rxe5+ Kf7 21. Be7 Qb6+ 22. Kh1 Qxb2 23. h3 Rfe8 24. d6 Qxe5 25. Qxe5 cxd6 26. Qd5+ Kxe7 27. Qxb7+ Kf8 28. Qf3+ Ke7 29. Qe4+ Kf6 30. Qd4+ Ke6 31. Qxg7 Rh8 32. g4 Kd5 33. g5 Ke6 34. h4 a5 35. Kg2 Raf8 36. Kg3 h6 37. Kg4 hxg5 38. hxg5 Rhg8 39. Qh6+ Kd7 40. Qh7+ Ke6 41. Qe4+ Kd7 42. Qa4+ Ke6 43. Qxa5 Ra8 44. Qb4 Kd7 45. a4 Rab8 46. Qc4 Ke7 47. a5 Rbd8 48. a6 Ra8 49. a7 Rad8 50. Qe4+ Kf7 51. Qh7+ Ke6 52. g6 Kd5 53. Qb7+ Ke5 54. Kg5 Rde8 55. g7 Ke6 56. Kg6 Re7 57. Qb3+ d5 58. Qb6+ Kd7 59. Qb7+ Ke6 60. Qc6+ Ke5 61. Qf6+ 1-0

[Event "Suchedniow op"]
[Site "Suchedniow"]
[Date "2012.07.??"]
[Round "5"]
[White "Stefaniak, Tomasz"]
[Black "Lebiedowicz, Borys"]
[Result "1-0"]
[WhiteElo "1778"]
[BlackElo "1715"]
[PlyCount "137"]
[EventDate "2012.07.??"]
[EventType "swiss"]
[EventRounds "7"]
[EventCountry "POL"]
[SourceTitle "EXT 2014"]
[Source "ChessBase"]
[SourceDate "2013.11.20"]
[SourceVersion "1"]
[SourceVersionDate "2013.11.20"]
[SourceQuality "1"]

1. e4 e5 2. Nc3 Bc5 3. f4 d6 4. Nf3 Nc6 5. Bb5 Bg4 6. Na4 Bxf3 7. Qxf3 Bb6 8. Nxb6 axb6 9. 0-0 Nf6 10. d4 0-0 11. Bxc6 bxc6 12. Be3 d5 13. fxe5 Nxe4 14. Qg4 Qc8 15. Qxc8 Raxc8 16. a4 Ra8 17. Ra3 b5 18. a5 Ra6 19. b4 Re8 20. Bf4 Re6 21. Raf3 Ra8 22. Bc1 Re7 23. h4 h6 24. Kh2 f6 25. exf6 Nxf6 26. Rxf6 gxf6 27. Rxf6 Re4 28. c3 c5 29. dxc5 Rxh4+ 30. Kg3 Rc4 31. Bb2 d4 32. Rf3 dxc3 33. Bxc3 Ra6 34. Kf2 Re4 35. Rg3+ Kf8 36. Kf3 Ree6 37. Bg7+ Kf7 38. Bc3 Kf8 39. Kf4 Ke8 40. Be5 Rec6 41. Rg8+ Kd7 42. Rg7+ Kc8 43. Kf5 Kb7 44. g4 Kc8 45. Ke4 Kb7 46. Kd5 Ra8 47. Ke4 Raa6 48. Kf5 Kc8 49. Rg8+ Kb7 50. Rh8 Rg6 51. Rh7 Rac6 52. Rxc7+ Rxc7 53. Kxg6 Re7 54. Kf6 Re8 55. Kf5 Rg8 56. Ke6 Rxg4 57. Kd7 Rc4 58. Bd6 h5 59. a6+ Kxa6 60. c6 Kb6 61. Bc5+ Rxc5 62. bxc5+ Kxc5 63. c7 b4 64. c8Q+ Kb5 65. Kd6 b3 66. Kd5 Kb4 67. Qc5+ Ka4 68. Kc4 b2 69. Qb4# 1-0

[Event "Koszalin op"]
[Site "Koszalin"]
[Date "2012.??.??"]
[Round "7"]
[White "Lebiedowicz, Borys"]
[Black "Smal, Tobiasz"]
[Result "0-1"]
[WhiteElo "1715"]
[BlackElo "1814"]
[PlyCount "100"]
[EventDate "2012.01.06"]
[EventType "swiss"]
[EventRounds "9"]
[EventCountry "POL"]
[SourceTitle "CBM 146 Extra"]
[Source "ChessBase"]
[SourceDate "2012.02.29"]
[SourceVersion "1"]
[SourceVersionDate "2012.02.29"]
[SourceQuality "1"]

1. e4 g6 2. d4 Bg7 3. Nc3 c5 4. Nf3 cxd4 5. Nxd4 Nc6 6. Be3 d6 7. Be2 Nf6 8. 0-0 0-0 9. f4 Qb6 10. Qd2 Nxe4 11. Nxc6 Qxc6 12. Nxe4 Qxe4 13. Bf3 Qc4 14. c3 Qc7 15. Rfe1 Bd7 16. Qf2 Bc6 17. Bxa7 Bxf3 18. gxf3 d5 19. Bb6 Qxf4 20. Be3 Qc4 21. Bc5 Rfe8 22. Rxe7 Rxe7 23. Bxe7 Rxa2 24. Rxa2 Qxa2 25. Qb6 Qb1+ 26. Kg2 Qc2+ 27. Kf1 Qd1+ 28. Kf2 h5 29. Qd8+ Kh7 30. Bf6 Qd2+ 31. Kg3 Qe1+ 32. Kg2 Qe2+ 33. Kg3 h4+ 34. Bxh4 Be5+ 35. f4 Qe3+ 36. Kg2 Qxf4 37. Qxd5 Qxh2+ 38. Kf1 Qh3+ 39. Ke2 Qxh4 40. Qxf7+ Bg7 41. Qxb7 Qc4+ 42. Ke3 g5 43. Qd7 Qf4+ 44. Kd3 g4 45. Qd5 Kg6 46. Qe6+ Kg5 47. Qe7+ Bf6 48. Qe1 g3 49. Qg1 Qf3+ 50. Kd2 Kg4 0-1